Elements of power system analysis (Record no. 3209)

000 -LEADER
fixed length control field 00596nam a2200217 a 4500
001 - CONTROL NUMBER
control field 3209
003 - CONTROL NUMBER IDENTIFIER
control field BD-DhUET
008 - FIXED-LENGTH DATA ELEMENTS--GENERAL INFORMATION
fixed length control field 810331s1982 nyua 001 0 eng
020 ## - INTERNATIONAL STANDARD BOOK NUMBER
International Standard Book Number 0070612781
020 ## - INTERNATIONAL STANDARD BOOK NUMBER
International Standard Book Number 007061279X
040 ## - CATALOGING SOURCE
Original cataloging agency DLC
Transcribing agency DLC
Modifying agency BD-DhUET
082 00 - DEWEY DECIMAL CLASSIFICATION NUMBER
Classification number 623.12
Item number STE/1982
100 1# - MAIN ENTRY--PERSONAL NAME
Personal name Stevenson, William D.
245 10 - TITLE STATEMENT
Title Elements of power system analysis
250 ## - EDITION STATEMENT
Edition statement 4th ed.
260 ## - PUBLICATION, DISTRIBUTION, ETC. (IMPRINT)
Place of publication, distribution, etc. New York
Name of publisher, distributor, etc. McGraw-Hill
Date of publication, distribution, etc. 1982
300 ## - PHYSICAL DESCRIPTION
Extent xii, 436 p.
Other physical details ill.
Dimensions 25 cm.
490 ## - SERIES STATEMENT
Series statement McGRAW-HILL series in electrical engineering
650 #0 - SUBJECT ADDED ENTRY--TOPICAL TERM
Topical term or geographic name as entry element Electric power system stability
942 ## - ADDED ENTRY ELEMENTS (KOHA)
Koha item type General Book
Holdings
Shelving location Koha date last borrowed Withdrawn status Koha issues (times borrowed) Price effective from Koha renewals Piece designation (barcode) Koha item type Copy number Koha date last seen Source of classification or shelving scheme Damaged status Koha normalized classification for sorting Date acquired Koha full call number Location (home branch) Lost status Not for loan Sublocation or collection (holding branch)
Circulation section2021-09-27 522014-10-22 110313General Book12021-09-27  623_120000000000000_STE_19822014-10-22623.12/STE/1982Central Library, BUET  Central Library, BUET
Circulation section   2015-02-10 69178General Book22015-02-10  623_120000000000000_STE_19822015-02-10623.12/STE/1982Central Library, BUET  Central Library, BUET
Circulation section2021-08-31 222015-02-11278208 General Book32021-08-31  623_120000000000000_STE_19822015-02-11623.12/STE/1982Central Library, BUET  Central Library, BUET
Reading section   2015-06-24 67386Reading Item42015-06-24  623_120000000000000_STE_19822015-06-24623.12/STE/1982Central Library, BUET  Central Library, BUET
Reading section   2015-06-24 67384Reading Item52015-06-24  623_120000000000000_STE_19822015-06-24623.12/STE/1982Central Library, BUET  Central Library, BUET
Reading section   2015-06-24 67385Reading Item62015-06-24  623_120000000000000_STE_19822015-06-24623.12/STE/1982Central Library, BUET  Central Library, BUET
Reading section   2015-06-24 63905Reading Item72015-06-24  623_120000000000000_STE_19822015-06-24623.12/STE/1982Central Library, BUET  Central Library, BUET
Reading section   2015-06-25 63906Reading Item82015-06-25  623_120000000000000_STE_19822015-06-25623.12/STE/1982Central Library, BUET  Central Library, BUET
Reading section   2015-06-25 63907Reading Item92015-06-25  623_120000000000000_STE_19822015-06-25623.12/STE/1982Central Library, BUET  Central Library, BUET
Reading section   2015-06-28 63908Reading Item102015-06-28  623_120000000000000_STE_19822015-06-28623.12/STE/1982Central Library, BUET  Central Library, BUET